Nie je úrad ako úrad

Otázky vplyvu organizačnej štruktúry úradu na efektívnosť jeho práce. Vytváranie fungujúceho systému samosprávy. Organizácia mestských úradov, dotváranie si svojej organizačnej štruktúry. Schválenie Organizačného poriadku mestskej samosprávy, ktorý upravuje postavenie a pôsobnosť orgánov mesta a mes...

ver descrição completa

Na minha lista:
Detalhes bibliográficos
Autor principal: Ernst, A.
Formato: Capítulo de Livro
Idioma:eslovaco
Assuntos:
Tags: Adicionar Tag
Sem tags, seja o primeiro a adicionar uma tag!

MARC

LEADER 00000naa a2200000 4500
001 r019699
005 20221213101340.0
041 0 |a slo 
044 |a SK 
245 1 0 |a Nie je úrad ako úrad  |c A. Ernst 
520 |a Otázky vplyvu organizačnej štruktúry úradu na efektívnosť jeho práce. Vytváranie fungujúceho systému samosprávy. Organizácia mestských úradov, dotváranie si svojej organizačnej štruktúry. Schválenie Organizačného poriadku mestskej samosprávy, ktorý upravuje postavenie a pôsobnosť orgánov mesta a mestského zastupiteľstva. Základná organizačná štruktúra mestského úradu. 
610 2 0 |a správa štátna 
610 2 0 |a samospráva 
610 2 0 |a mestá 
610 2 0 |a úrady 
610 2 0 |a štruktúra organizačná 
610 2 0 |a orgány štátne 
610 2 0 |a poriadok organizačný 
100 1 |a Ernst, A.